000 00640nam a2200181Ia 4500
008 090124s9999 xx 000 0 und d
082 _b20761
_a2273
100 _aमिलिंद (त्रिपुरवार राजेश्र्वरराव)
245 _a पालखी
250 _a1
260 _c1975
300 _a48
600 _aमिलिंद (त्रिपुरवार राजेश्र्वरराव)
630 _a पालखी
700 _aमिलिंद (त्रिपुरवार राजेश्र्वरराव)
730 _a पालखी
942 _cBOOK
999 _c134563
_d134563